=LDR 00000nam 2200000 4500 =001 INLIS000000000022646 =005 20130612121401 =008 ***********************************Ind** =035 ##$$0010-061300000022646 =041 ##$$a Ind =082 ##$$a 657.076 =090 ##$$a 657.076, Nat-p =100 ##$$a Nataatmadja, Tatang =245 ##$$a Pegangan akuntansi SMU kelas 3, Berdasarkan kurikulum 1994, Suplemen GBPP 1999, Tatang Nataatmadja =260 ##$$a 2000 $b Bandung =300 ##$$a 84 hlm., ilus, 29 cm =650 ##$$a Akuntansi-Pegangan =850 ##$$a NBPNMAT